Biological science / (Record no. 255499)
[ view plain ]
| 000 -LEADER | |
|---|---|
| fixed length control field | 01023cam a22003378a 4500 |
| 001 - CONTROL NUMBER | |
| control field | 5432404 |
| 003 - CONTROL NUMBER IDENTIFIER | |
| control field | OSt |
| 005 - DATE AND TIME OF LATEST TRANSACTION | |
| control field | 20170215093414.0 |
| 008 - FIXED-LENGTH DATA ELEMENTS--GENERAL INFORMATION | |
| fixed length control field | 041115s2005 nju 000 0 eng |
| 010 ## - LIBRARY OF CONGRESS CONTROL NUMBER | |
| LC control number | 2004027312 |
| 020 ## - INTERNATIONAL STANDARD BOOK NUMBER | |
| International Standard Book Number | 0131409417 (hardcover) |
| International Standard Book Number | 0131870351 (student access kit) |
| 035 ## - SYSTEM CONTROL NUMBER | |
| System control number | (OCoLC)ocm57008006 |
| System control number | (NNC)5432404 |
| 040 ## - CATALOGING SOURCE | |
| Original cataloging agency | DLC |
| Transcribing agency | DLC |
| Modifying agency | OCLCQ |
| -- | STF |
| -- | NNC |
| 042 ## - AUTHENTICATION CODE | |
| Authentication code | pcc |
| 050 00 - LIBRARY OF CONGRESS CALL NUMBER | |
| Classification number | QH308.2 |
| Item number | .F73 2005 |
| 082 00 - DEWEY DECIMAL CLASSIFICATION NUMBER | |
| Classification number | 570 |
| Edition number | 22 |
| 100 1# - MAIN ENTRY--PERSONAL NAME | |
| Personal name | Freeman, Scott, |
| Dates associated with a name | 1955- |
| 245 10 - TITLE STATEMENT | |
| Title | Biological science / |
| Statement of responsibility, etc | Scott Freeman. |
| 250 ## - EDITION STATEMENT | |
| Edition statement | 2nd ed. |
| 260 ## - PUBLICATION, DISTRIBUTION, ETC. (IMPRINT) | |
| Place of publication, distribution, etc | Upper Saddle River, N.J. : |
| Name of publisher, distributor, etc | Pearson Prentice Hall, |
| Date of publication, distribution, etc | c2005. |
| 263 ## - PROJECTED PUBLICATION DATE | |
| Projected publication date | 0501 |
| 300 ## - PHYSICAL DESCRIPTION | |
| Extent | xxx, 1283, [76] p. : |
| Other physical details | ill. (chiefly col.), maps ; |
| Dimensions | 29 cm. + |
| Accompanying material | 1 CD-ROM (4 3/4 in.) |
| 650 #0 - SUBJECT ADDED ENTRY--TOPICAL TERM | |
| Topical term or geographic name as entry element | Biology. |
| 856 41 - ELECTRONIC LOCATION AND ACCESS | |
| Materials specified | Table of contents |
| Uniform Resource Identifier | <a href="http://www.loc.gov/catdir/toc/ecip053/2004027312.html">http://www.loc.gov/catdir/toc/ecip053/2004027312.html</a> |
| 942 ## - ADDED ENTRY ELEMENTS (KOHA) | |
| Source of classification or shelving scheme | Library of Congress Classification |
| Koha item type | Long Loan Books |
| 948 1# - LOCAL PROCESSING INFORMATION (OCLC); SERIES PART DESIGNATOR (RLIN) | |
| Series part designator, SPT (RLIN) | 20050926 |
| b (OCLC) | c |
| c (OCLC) | rad1 |
| d (OCLC) | MPS |
| Series part designator, SPT (RLIN) | 20050926 |
| b (OCLC) | a |
| c (OCLC) | rad1 |
| d (OCLC) | MPS |
| Withdrawn status | Lost status | Source of classification or shelving scheme | Damaged status | Not for loan | Collection code | Home library | Current library | Date acquired | Total Checkouts | Full call number | Barcode | Date last seen | Price effective from | Koha item type | Shelving location | Date checked out |
|---|---|---|---|---|---|---|---|---|---|---|---|---|---|---|---|---|
| Library of Congress Classification | Non-fiction | Rongo University Library | Rongo University Library | 15/02/2017 | QH308.2 .F73 2008 | 201616990 | 15/02/2017 | 15/02/2017 | Long Loan Books | |||||||
| Library of Congress Classification | Non-fiction | Rongo University Library | Rongo University Library | 13/07/2018 | 5 | QH308.2 .F73 2005 | 201801153 | 29/11/2019 | 13/07/2018 | Long Loan Books | General Stacks | 21/11/2019 |
